La Dorada / (Record no. 22635)
[ view plain ]
| 000 -CABECERA | |
|---|---|
| campo de control de longitud fija | 00944naa a2200265 a 4500 |
| 001 - NÚMERO DE CONTROL | |
| campo de control | vtls000026151 |
| 003 - IDENTIFICADOR DEL NÚMERO DE CONTROL | |
| campo de control | ES-BaIT |
| 005 - FECHA Y HORA DE LA ÚLTIMA TRANSACCIÓN | |
| campo de control | 20221019235636.0 |
| 007 - CAMPO FIJO DE DESCRIPCIÓN FÍSICA--INFORMACIÓN GENERAL | |
| campo de control de longitud fija | t| |
| 008 - DATOS DE LONGITUD FIJA--INFORMACIÓN GENERAL | |
| campo de control de longitud fija | 111114s1996 xxu|||||| |00| |spa|d |
| 010 ## - NÚMERO DE CONTROL DE LA BIBLIOTECA DEL CONGRESO | |
| Número de control de LC | 26151 |
| 035 ## - NÚMERO DE CONTROL DEL SISTEMA | |
| Número de control de sistema | 0026-15160 |
| -- | ES-BaIT035 |
| 039 #9 - NIVEL DE CONTROL BIBLIOGRÁFICO Y DETALLES DE CODIFICACIÓN [OBSOLETO] | |
| Nivel de reglas en descripción bibliográfica | 201701301335 |
| Nivel de esfuerzo utilizado para asignar no-encabezamientos de materia en puntos de acceso | AUTHORITY |
| Nivel de esfuerzo utilizado en la asignación de encabezamientos de materia | 201403072309 |
| Nivel de esfuerzo utilizado para asignar clasificación | VLOAD |
| Nivel de esfuerzo utilizado en la asignación de encabezamientos de materia | 201303092005 |
| Nivel de esfuerzo utilizado para asignar clasificación | VLOAD |
| Nivel de esfuerzo utilizado en la asignación de encabezamientos de materia | 201111141533 |
| Nivel de esfuerzo utilizado para asignar clasificación | VLOAD |
| -- | 201110052303 |
| -- | VLOAD |
| 080 ## - NÚMERO DE LA CLASIFICACIÓN DECIMAL UNIVERSAL | |
| Número de la Clasificación Decimal Universal | 860-2"19" |
| 100 1# - ENTRADA PRINCIPAL--NOMBRE DE PERSONA | |
| Nombre de persona | García, Rodrigo, |
| Fechas asociadas al nombre | 1964- |
| 9 (RLIN) | 66514 |
| 245 13 - MENCIÓN DE TÍTULO | |
| Título | La Dorada / |
| Mención de responsabilidad, etc. | Rodrigo García |
| 500 ## - NOTA GENERAL | |
| Nota general | Forma part de: Obras cómicas |
| 500 ## - NOTA GENERAL | |
| Nota general | Sense llista de personatges |
| 500 ## - NOTA GENERAL | |
| Nota general | Estrena 1993-09 Pradillo (Madrid),dir. Rodrigo García |
| 500 ## - NOTA GENERAL | |
| Nota general | Aquest text pertany a l'obra Los Tres cerditos |
| 773 0# - ENLACE AL DOCUMENTO FUENTE/ENTRADA DE REGISTRO ANFITRIÓN | |
| Encabezamiento principal | Gestos : teoría y práctica del teatro hispánico, Año 11, nº 21, abril, 1996 |
| Número de control del registro | vtls000010760 |
| Número Internacional Normalizado para Publicaciones Seriadas | 1040-483X |
| Enlace entre campo y número de secuencia | 21 |
| Número bibliográfico anfitrión | 9201 |
| 790 ## - Identificador-font | |
| w | 0010-76060 |
| 790 ## - Identificador-font | |
| a | 001076060 |
| -- | 8003--1996 |
| 942 ## - ELEMENTOS DE ENTRADA AGREGADA (KOHA) | |
| Tipo de ítem Koha | Article |
No items available.


